MARC

LEADER 00000nam^a2200000^a^4500
001 000586081
005 20250521000000.0
009 20260310132743.205
020 |a 978-607-421-843-5 
037 |a Acervo ITESO - Biblioteca 
041 |a ESP 
082 |a 364. 10609458  |b KER 
100 |a Kermoal, Jacques  |e (autor) 
245 1 3 |a La mafia se sienta a la mesa /  |c J. Kermoal, M. Bartolomei ; pról. de Marcelo Aparicio ; tr. por Mercedes Corral, María Corral. 
264 4 |a México :  |b Tusquets,  |c 2016, c2016 
300 |a 220 p. 
336 |a texto  |b txt  |2 rdacontenido 
337 |a sin mediación  |b n  |2 rdamedio 
338 |a volumen  |b nc  |2 rdasoporte 
440 1 |a (Marginales México) 
500 |a Traducción de: La mafia se met à table. Histoires et recettes de l'honorable société 
521 |a FIL 2016 DIA 
649 |a XX 
650 |a Delincuentes Sicilianos 
650 |a Delincuentes Italianos 
650 |a Cocina Siciliana -  |x Recetarios -  |x Tema Principal 
650 |a Cocina Italiana -  |x Recetarios 
650 |a La Cosa Nostra -  |x Tema Principal 
650 |a Mafia -  |z Sicilia, Italia -  |x Historia -  |y Reino, 1861-1946 
650 |a Mafia -  |z Sicilia, Italia -  |x Historia -  |y República, 1946 en Adelante 
650 |a Mafia -  |z Sicilia, Italia -  |x Historia -  |y Siglo XX 
650 |a Mafia -  |z Italia -  |x Historia -  |y Reino, 1861-1946 
650 |a Mafia -  |z Italia -  |x Historia -  |y República, 1946 en Adelante 
650 |a Mafia -  |z Italia -  |x Historia -  |y Siglo XX 
650 |a Crimen Organizado -  |z Sicilia, Italia -  |x Historia -  |y Siglo XX 
650 |a Mafia -  |z Italia -  |x Historia -  |y Siglo XX 
650 |a Cannada, Angelo 
650 |a Cascio Ferro, Vito 
650 |a Chiesa, Romano dalla 
650 |a Cuccia, Francesco 
650 |a Garibaldi, Giuseppe 
650 |a Genco Russo, Giuseppe 
650 |a Lo Bartolo, Carmelo 
600 |a Luciano, Lucky 
650 |a Mauro, Mauro De 
650 |a Mussolini, Benito 
650 |a Petrosimo, Joseph 
650 |a Ruffini, Ernesto 
650 |a Scaglione, Pietro 
650 |a Sinatra, Frank 
650 |a Vizzini, Calogero 
700 |a Bartolomei, Martine  |e (autor) 
910 |a Fondo General 
920 |a Impresos - Libros 
930 |a Colección General 
905 |a 101 
901 |a 0500413803  |b IT1  |c ACC  |i C153548  |u 20250521 
902 |a https://opac.biblio.iteso.mx/vufind/Record/000586081